Vespertine / Margaret Rogerson.
Available copies
- 3 of 3 copies available at LARL/NWRL Consortium.
- 2 of 2 copies available at Lake Agassiz Regional Library. (Show preferred library)
Current holds
1 current hold with 3 total copies.
Show Only Available Copies
| Location | Call Number / Copy Notes | Barcode | Shelving Location | Status | Due Date |
|---|---|---|---|---|---|
| Moorhead Public Library | Y ROG (Text) | 33500013473152 | Main | Available | - |
| Moorhead Public Library | Y ROG (Text) | 33500013473160 | Main | Available | - |
| Warroad Public Library | ya ROG (Text) | 35500006525610 | Main | Available | - |
Record details
- ISBN: 9781534477117
- ISBN: 153447711X
- ISBN: 9781534477124
- ISBN: 1534477128
- Physical Description: 387 pages ; 24 cm.
- Edition: First edition.
- Publisher: New York : Margaret K. McElderry Books, [2021]
Content descriptions
| Summary, etc.: | When her convent is attacked by possessed ... Read More The dead of Loraille do not rest. If the bodies of ... Read More |
| Target Audience Note: | Ages 14 up. Margaret K. McElderry Books. Grades 10-12. Margaret K. McElderry Books. |
Search for related items by subject
| Genre: | Juvenile works. Fiction. Novels. Paranormal fiction. Fantasy fiction. Novels. |
Search for related items by series
| LDR | 03240cam a22006978i 4500 | ||
|---|---|---|---|
| 001 | 365602 | ||
| 003 | LARL_NWRL_CONSORTIUM | ||
| 005 | 20211013192353.0 | ||
| 008 | 210512s2021 nyu d 000 1 eng | ||
| 010 | . | ‡a 2021020743 | |
| 040 | . | ‡aDLC ‡beng ‡erda ‡cDLC ‡dBDX ‡dGK8 ‡dOCLCF ‡dYDX ‡dOCLCO ‡dORX ‡dOCLCO ‡dOCL ‡dOCO ‡dOCLCO ‡dHT# ‡dGK8 ‡dOCLCO ‡dILC ‡dRB0 ‡dOCLCO | |
| 019 | . | ‡a1264107322 ‡a1269075594 | |
| 020 | . | ‡a9781534477117 ‡q(hardcover) | |
| 020 | . | ‡a153447711X | |
| 020 | . | ‡a9781534477124 ‡q(paperback) | |
| 020 | . | ‡a1534477128 | |
| 020 | . | ‡z9781534477131 ‡q(ebook) | |
| 035 | . | ‡a(OCoLC)1237346405 ‡z(OCoLC)1264107322 ‡z(OCoLC)1269075594 | |
| 042 | . | ‡apcc ‡alcac | |
| 082 | 0 | 0. | ‡a[Fic] ‡223 |
| 084 | . | ‡aYAF019020 ‡aYAF021000 ‡2bisacsh | |
| 100 | 1 | . | ‡aRogerson, Margaret, ‡eauthor. ‡0(LARL_NWRL_CONSORTIUM)225733 |
| 245 | 1 | 0. | ‡aVespertine / ‡cMargaret Rogerson. |
| 250 | . | ‡aFirst edition. | |
| 264 | 1. | ‡aNew York : ‡bMargaret K. McElderry Books, ‡c[2021] | |
| 300 | . | ‡a387 pages ; ‡c24 cm. | |
| 336 | . | ‡atext ‡btxt ‡2rdacontent | |
| 337 | . | ‡aunmediated ‡bn ‡2rdamedia | |
| 338 | . | ‡avolume ‡bnc ‡2rdacarrier | |
| 490 | 0 | . | ‡aVespertine ; ‡v1 |
| 521 | . | ‡aAges 14 up. ‡bMargaret K. McElderry Books. | |
| 521 | . | ‡aGrades 10-12. ‡bMargaret K. McElderry Books. | |
| 520 | . | ‡aWhen her convent is attacked by possessed soldiers, Artemisia defends the Gray Sisters by awakening the revenant bound to a saint's relic, even though she runs the risk of being possessed permanently by the powerful ancient spirit. | |
| 520 | . | ‡aThe dead of Loraille do not rest. If the bodies of the deceased are not cleansed so their souls can pass on, they will rise as spirits with a ravenous hunger for the living. When her convent is attacked by possessed soldiers, Artemisia defends it by awakening an ancient spirit bound to a saint's relic. It is a revenant, a malevolent being that threatens to possess her the moment she drops her guard. But Artemisia is desperate against the soldiers, and turns to the last remaining expert for help: the revenant itself. -- adapted from jacket | |
| 650 | 0. | ‡aMagic ‡vJuvenile fiction. ‡0(LARL_NWRL_CONSORTIUM)165990 | |
| 650 | 0. | ‡aDead ‡vFiction. | |
| 650 | 0. | ‡aSpirit possession ‡vFiction. | |
| 650 | 0. | ‡aRelics ‡vFiction. ‡0(LARL_NWRL_CONSORTIUM)174632 | |
| 650 | 0. | ‡aSaints ‡vFiction. ‡0(LARL_NWRL_CONSORTIUM)175348 | |
| 650 | 0. | ‡aMagic ‡vFiction. ‡0(LARL_NWRL_CONSORTIUM)165984 | |
| 650 | 0. | ‡aYoung adult fiction. ‡0(LARL_NWRL_CONSORTIUM)35107 | |
| 650 | 7. | ‡aYOUNG ADULT FICTION / Fantasy / Dark Fantasy. ‡2bisacsh | |
| 650 | 7. | ‡aYOUNG ADULT FICTION / Ghost Stories. ‡2bisacsh | |
| 650 | 7. | ‡aMagic. ‡2fast ‡0(LARL_NWRL_CONSORTIUM)24943 | |
| 650 | 1. | ‡aDead ‡vFiction. | |
| 650 | 1. | ‡aSpirit possession ‡vFiction. | |
| 650 | 1. | ‡aRelics ‡vFiction. ‡0(LARL_NWRL_CONSORTIUM)174632 | |
| 650 | 1. | ‡aSaints ‡vFiction. ‡0(LARL_NWRL_CONSORTIUM)175348 | |
| 650 | 1. | ‡aMagic ‡vFiction. ‡0(LARL_NWRL_CONSORTIUM)165984 | |
| 655 | 7. | ‡aJuvenile works. ‡2fast | |
| 655 | 7. | ‡aFiction. ‡2fast | |
| 655 | 7. | ‡aNovels. ‡2fast | |
| 655 | 7. | ‡aParanormal fiction. ‡2lcgft | |
| 655 | 7. | ‡aFantasy fiction. ‡2lcgft | |
| 655 | 7. | ‡aNovels. ‡2lcgft | |
| 776 | 0 | 8. | ‡iOnline version: ‡aRogerson, Margaret. ‡tVespertine. ‡bFirst edition. ‡dNew York : Margaret K. McElderry Books, [2021] ‡z9781534477131 ‡w(DLC) 2021020744 |
| 901 | . | ‡a365602 ‡bOCoLC ‡c365602 ‡tbiblio ‡soclc | |

Add to basket
Permalink
Disable Highlighting